| 000 -LEADER |
| fixed length control field |
00680nam a2200241Ia 4500 |
| 001 - CONTROL NUMBER |
| control field |
18430 |
| 003 - CONTROL NUMBER IDENTIFIER |
| control field |
GE_BSU |
| 008 - FIXED-LENGTH DATA ELEMENTS--GENERAL INFORMATION |
| fixed length control field |
181216s||||||||xx |||||||||||||| ||und|| |
| 020 ## - INTERNATIONAL STANDARD BOOK NUMBER |
| International Standard Book Number |
ISBN 9780750683692 (pbk.) |
| 040 ## - CATALOGING SOURCE |
| Transcribing agency |
GE_BSU |
| 080 ## - UNIVERSAL DECIMAL CLASSIFICATION NUMBER |
| Universal Decimal Classification number |
005.9 |
| 100 ## - MAIN ENTRY--PERSONAL NAME |
| Personal name |
Yarnall, Jane. |
| 245 ## - TITLE STATEMENT |
| Title |
strategic career management |
| 245 ## - TITLE STATEMENT |
| Remainder of title |
developing your talent |
| 260 ## - PUBLICATION, DISTRIBUTION, ETC. |
| Place of publication, distribution, etc. |
Amsterdam ; Boston |
| 260 ## - PUBLICATION, DISTRIBUTION, ETC. |
| Name of publisher, distributor, etc. |
Elsevier |
| 260 ## - PUBLICATION, DISTRIBUTION, ETC. |
| Date of publication, distribution, etc. |
2008 |
| 300 ## - PHYSICAL DESCRIPTION |
| Extent |
xvii, 246 p, ill,23 cm. |
| 653 ## - INDEX TERM--UNCONTROLLED |
| Uncontrolled term |
strategic career management |
| 653 ## - INDEX TERM--UNCONTROLLED |
| Uncontrolled term |
კარიერული განვითარება |
| 653 ## - INDEX TERM--UNCONTROLLED |
| Uncontrolled term |
ორგანიზაციის მართვა |
| 942 ## - ADDED ENTRY ELEMENTS (KOHA) |
| Koha item type |
წიგნი |